000 00510nam a22001937a 4500
003 CEME
005 20210628201930.0
008 210208b xxu||||| |||| 00| 0 eng d
020 _a81-203-0663-5
040 _c.
082 _a670 LIN
100 _aLindberg, Roy A
_910249
245 _aProcesses and materials of manufacture
250 _a4TH
260 _aNEW DELHI
_bPRENTICE HALL
_c2004
300 _aXIII,862P
650 _aMANUFACTURING PROCESSES.MATERIALS MANUFACTURING
_957473
942 _cBK
_2ddc
999 _c567749
_d567749